000 00434pab a2200169 454500
008 180718b2007 xxu||||| |||| 00| 0 eng d
100 _aVerma, A.K.
245 _aMayawati's sandwich coalition
260 _c2007
300 _ap.2039-043.
362 _a2 Jun
650 _aUttar Pradesh - Politics and government
650 _aPolitics and government
773 _aEconomic and Political Weekly
908 _aN
909 _a74264
999 _c74264
_d74264